| 000 | 01051nam a2200313 i 4500 | ||
|---|---|---|---|
| 001 | bg | ||
| 100 | 1 | _aMACFIE, Dan | |
| 245 | 1 | 0 |
_aOcena rentowności inwestycji w akcje : _b[metody i przykłady : przewodnik inwestora] / _cDan Macfie ; [tł. z ang. Oskar A. Chomicki]. |
| 246 |
_iTyt. oryg.: _aThe investor's guide to measuring share performance |
||
| 260 |
_aWarszawa : _bLIBER, _c1997. |
||
| 300 |
_a192 s. : _bwykr. ; _c24 cm + _eDyskietka. |
||
| 490 | 1 | _aInwestowanie. Z Biblioteki Parkietu | |
| 500 | _aOryg.: "The investor's guide to measuring share performance" 1994. | ||
| 504 | _aIndeks. | ||
| 650 | 9 | _aGiełda papierów wartościowych | |
| 650 | 9 | _aPapiery wartościowe | |
| 650 | 9 | _aRynek kapitałowy | |
| 655 | _aPoradniki | ||
| 830 | 0 |
_aInwestowanie. _pZ Biblioteki Parkietu |
|
| 020 | _a8390640961 | ||
| 020 | _a027360628X (oryg) | ||
| 040 | _cBPK | ||
| 041 | 1 |
_apl _hen |
|
| 080 | _a336.76 | ||
| 920 | _a83-906409-6-1 | ||
| 920 | _a0-273-60628-X (oryg) | ||
| 942 | _cKS | ||
| 008 | s pl f |000 0 pol | ||
| 999 |
_c32138 _d32138 |
||